Fr. Conceicao Rodrigues College of Engineering

Guide to RISC Processors (Record no. 34074)

MARC details
000 -LEADER
fixed length control field 00350nam a2200169Ia 4500
082 ## - DEWEY DECIMAL CLASSIFICATION NUMBER
Item number DAN
100 ## - MAIN ENTRY--PERSONAL NAME
Personal name Dandamudi/Sivarama P
245 ## - TITLE STATEMENT
Title Guide to RISC Processors
260 ## - PUBLICATION, DISTRIBUTION, ETC.
Name of publisher, distributor, etc. Springer
Place of publication, distribution, etc. New Delhi
Date of publication, distribution, etc. 2005
366 ## - TRADE AVAILABILITY INFORMATION
Publishers's discount category 17.5
300 ## - PHYSICAL DESCRIPTION
Extent 387
546 ## - LANGUAGE NOTE
Language note ENGLISH
650 ## - SUBJECT ADDED ENTRY--TOPICAL TERM
Topical term or geographic name entry element RISC
654 ## - SUBJECT ADDED ENTRY--FACETED TOPICAL TERMS
Focus term Risc processor
942 ## - ADDED ENTRY ELEMENTS (KOHA)
Koha item type BOOK
Holdings
Withdrawn status Lost status Damaged status Not for loan Collection Home library Current library Date acquired Source of acquisition Cost, normal purchase price Inventory number Total Checkouts Full call number Barcode Date last seen Cost, replacement price Price effective from Koha item type
        CRC Fr. Agnel's C.Rodrigues College of Engineering Fr. Agnel's C.Rodrigues College of Engineering 17/03/2023 Educational books and periodicals 408.38 257 dt 27/04/2009   DAN 19533 17/03/2023 495.00   BOOK